|
|
|
|
| LEADER |
01529nam a22003974a 4500 |
| 001 |
EBC182184 |
| 003 |
MiAaPQ |
| 005 |
20200520144314.0 |
| 006 |
m o d | |
| 007 |
cr cn||||||||| |
| 008 |
021016s2003 enk sb 001 0 eng |
| 010 |
|
|
|z 2002152036
|
| 020 |
|
|
|z 0415223458
|
| 035 |
|
|
|a (MiAaPQ)EBC182184
|
| 035 |
|
|
|a (Au-PeEL)EBL182184
|
| 035 |
|
|
|a (CaPaEBR)ebr10097001
|
| 035 |
|
|
|a (CaONFJC)MIL2298
|
| 035 |
|
|
|a (OCoLC)252869794
|
| 040 |
|
|
|a MiAaPQ
|c MiAaPQ
|d MiAaPQ
|
| 050 |
|
4 |
|a JC479
|b .R46 2003
|
| 082 |
0 |
4 |
|a 330.12/6
|2 21
|
| 084 |
|
|
|a 89.55
|2 bcl
|
| 245 |
0 |
0 |
|a Renegotiating the welfare state
|h [electronic resource] :
|b flexible adjustment through corporatist concertation /
|c edited by Frans van Waarden and Gerhard Lehmbruch.
|
| 260 |
|
|
|a London ;
|a New York :
|b Routledge,
|c 2003.
|
| 300 |
|
|
|a x, 308 p.
|
| 490 |
1 |
|
|a Routledge/EUI studies in the political economy of welfare ;
|v 2
|
| 504 |
|
|
|a Includes bibliographical references and index.
|
| 533 |
|
|
|a Electronic reproduction. Ann Arbor, MI : ProQuest, 2015. Available via World Wide Web. Access may be limited to ProQuest affiliated libraries.
|
| 650 |
|
0 |
|a Welfare state.
|
| 650 |
|
0 |
|a Comparative government.
|
| 655 |
|
4 |
|a Electronic books.
|
| 700 |
1 |
|
|a Waarden, Frans van,
|d 1950-
|
| 700 |
1 |
|
|a Lehmbruch, Gerhard.
|
| 710 |
2 |
|
|a ProQuest (Firm)
|
| 830 |
|
0 |
|a Routledge/EUI studies in the political economy of welfare ;
|v 2.
|
| 856 |
4 |
0 |
|u https://ebookcentral.proquest.com/lib/matrademy/detail.action?docID=182184
|z Click to View
|